[Event "Lichtenberger Sommer"]
[Site "Berlin"]
[Date "2009.08.19"]
[Round "5.44"]
[White "Gülke, Volker"]
[Black "Casny, Guenter"]
[Result "1/2-1/2"]
[WhiteElo "2168"]
[BlackElo "1865"]
[PlyCount "187"]
[EventDate "2009.??.??"]
[WhiteTeam "SV Eutin von 1875"]
[BlackTeam "SC Rochade e.V."]

1. e4 c5 2. Na3 d6 3. g3 Nf6 4. Bg2 Nc6 5. c3 e6 6. d3 Be7 7. f4 Qc7 8. Qe2 a6
9. Nf3 O-O 10. O-O Rb8 11. Bd2 b5 12. Nc2 a5 13. Ne3 Qb6 14. Kh1 Ba6 15. g4 b4
16. c4 Nd4 17. Nxd4 cxd4 18. Nc2 e5 19. b3 Nd7 20. f5 f6 21. Rg1 Nc5 22. Rab1
Qd8 23. Bf1 Kh8 24. Rg3 Qe8 25. Qg2 Rg8 26. h4 g6 27. Be2 gxf5 28. gxf5 Qf7 29.
Rg1 Rxg3 30. Qxg3 Rg8 31. Qxg8+ Qxg8 32. Rxg8+ Kxg8 33. Ne1 Bb7 34. Kg1 Kg7 35.
Kf2 Bxe4 36. Bxb4 axb4 37. dxe4 Nxe4+ 38. Kf3 Nc3 39. Bd3 d5 40. cxd5 Nxd5 41.
Be4 Nc3 42. Nd3 Nxa2 43. Nb2 Nc3 44. Bc6 Kf7 45. Na4 Nd1 46. Nb6 Kg7 47. Nd5
Bd6 48. Ke2 Nc3+ 49. Nxc3 dxc3 50. Be4 Kh6 51. Kf3 Bc5 52. Kg4 Bf2 53. Bd3 Kg7
54. h5 Be3 55. Bc2 Kf7 56. Kf3 Bc5 57. Bd3 Ke8 58. Ke4 Kd7 59. Bc2 Kc6 60. Bd3
Bf8 61. Bc2 Bh6 62. Bd3 Bd2 63. Bc2 Be1 64. Bd3 Kd6 65. Bc2 Bf2 66. Bd3 Bc5 67.
Bc2 Kc6 68. Bd3 Bf8 69. Bc2 Kd6 70. Bd3 Ke7 71. Bc2 Kf7 72. Kf3 Kg7 73. Bd3 Bc5
74. Bc2 Kh6 75. Kg4 Kg7 76. Kf3 Kf7 77. Ke4 Bb6 78. Bd3 Bd8 79. Bc2 Be7 80. Bd3
Bf8 81. Bc2 Kg7 82. Kf3 Kh6 83. Kg4 Bd6 84. Bd3 Bc5 85. Bc2 Be3 86. Bd3 Bf4 87.
Bc2 Kg7 88. Bd3 Kf8 89. Kf3 Ke7 90. Bc2 Kd6 91. Ke4 Kc6 92. Bd3 Kc5 93. Bc2 Bh2
94. Bd3 1/2-1/2

[Event "Lichtenberger Sommer"]
[Site "Berlin"]
[Date "2009.08.19"]
[Round "5.45"]
[White "Ritter, Uwe"]
[Black "Kupfer, Michael"]
[Result "1/2-1/2"]
[WhiteElo "1737"]
[BlackElo "2198"]
[PlyCount "41"]
[EventDate "2009.??.??"]
[WhiteTeam "Reideburger SV 90 Halle"]
[BlackTeam "SC Friesen Lichtenberg e.V."]

1. f4 d5 2. Nf3 g6 3. g3 Bg7 4. Bg2 Nh6 5. O-O O-O 6. d3 c6 7. c3 Nf5 8. Qe1 d4
9. cxd4 Nxd4 10. Nxd4 Qxd4+ 11. Kh1 Na6 12. Na3 Be6 13. Nc2 Qd7 14. Qf2 b6 15.
d4 Rad8 16. Rd1 Bh3 17. Bxh3 Qxh3 18. e4 Qe6 19. Qe3 Qd6 20. b3 Rfe8 21. Bb2
1/2-1/2

[Event "Lichtenberger Sommer"]
[Site "Berlin"]
[Date "2009.08.19"]
[Round "5.46"]
[White "Albinus, Günter"]
[Black "Hoppensack, Manfred"]
[Result "1/2-1/2"]
[WhiteElo "1875"]
[BlackElo "2029"]
[PlyCount "106"]
[EventDate "2009.??.??"]
[WhiteTeam "SG Weißensee 49 e.V."]
[BlackTeam "SC Friesen Lichtenberg e.V."]

1. Nf3 Nc6 2. d4 d5 3. Bf4 Nf6 4. h3 e6 5. e3 Bd6 6. Ne5 Bb4+ 7. c3 Be7 8. Bb5
Bd7 9. Nxd7 Qxd7 10. Qa4 O-O 11. Nd2 a6 12. Bxc6 bxc6 13. O-O Rfb8 14. Rab1 Bd6
15. Bxd6 cxd6 16. a3 Rb6 17. b4 Qb7 18. Qc2 a5 19. Nb3 axb4 20. axb4 Qc7 21.
Ra1 Rbb8 22. Qd3 Nd7 23. Rxa8 Rxa8 24. Ra1 Rxa1+ 25. Nxa1 Qa7 26. Qb1 Qa3 27.
Nc2 Qxc3 28. Qa2 g6 29. Qb1 e5 30. b5 cxb5 31. Qxb5 Nf6 32. Qe2 Ne4 33. Qd1 Nd2
34. f3 Nc4 35. Kf2 Nb2 36. Qe2 Nd3+ 37. Kg3 Kg7 38. Kh2 Nc1 39. Qd1 Nd3 40. Qe2
Nc1 41. Qd1 Nd3 42. Qe2 f6 43. Qd1 g5 44. g4 e4 45. Kg3 Nb2 46. Qe2 Qd3 47. Kf2
Nd1+ 48. Kf1 Nb2 49. Qxd3 Nxd3 50. Ke2 f5 51. Na3 f4 52. Nb5 Nc1+ 53. Kf2 Nd3+
1/2-1/2

[Event "Lichtenberger Sommer"]
[Site "Berlin"]
[Date "2009.08.19"]
[Round "5.47"]
[White "Smajic, Mirza"]
[Black "Baier, Reinhard"]
[Result "0-1"]
[WhiteElo "1721"]
[BlackElo "2089"]
[PlyCount "86"]
[EventDate "2009.??.??"]
[WhiteTeam "SC Borussia Friedrichsfelde 1920"]
[BlackTeam "BSG 1827 Eckbauer e.V."]

1. e4 c5 2. Nc3 d6 3. g3 Nc6 4. Bg2 Nf6 5. d3 g6 6. f4 Bg4 7. Nf3 Nd4 8. h3
Nxf3+ 9. Bxf3 Bxf3 10. Qxf3 Qc7 11. g4 Bg7 12. f5 Nd7 13. Nd5 Qc6 14. Bg5 Ne5
15. Qf2 e6 16. fxe6 fxe6 17. Nf6+ Kd8 18. Nh5+ Kd7 19. Nxg7 Raf8 20. Bf6 Rfg8
21. Nxe6 Kxe6 22. Rf1 c4 23. g5 cxd3 24. O-O-O Qxc2+ 25. Qxc2 dxc2 26. Kxc2
Rc8+ 27. Kb3 Nd7 28. Rd4 Rc6 29. Rc4 Nc5+ 30. Ka3 b5 31. Rd4 a5 32. b4 axb4+
33. Kxb4 Rb8 34. Re1 Ra6 35. a3 Ra4+ 36. Kc3 Rxa3+ 37. Kc2 b4 38. Rb1 b3+ 39.
Kd1 b2 40. h4 Rh3 41. Rc4 Rxh4 42. Rxb2 Rxb2 43. Bxb2 Nxe4 0-1

[Event "Lichtenberger Sommer"]
[Site "Berlin"]
[Date "2009.08.19"]
[Round "5.48"]
[White "Alvarez, Luis"]
[Black "Strehlow, Horst"]
[Result "0-1"]
[WhiteElo "1870"]
[BlackElo "2115"]
[PlyCount "98"]
[EventDate "2009.??.??"]
[WhiteTeam "Schachclub Zug um Zug Everswinke"]
[BlackTeam "SC Friesen Lichtenberg e.V."]

1. e4 d6 2. d4 Nf6 3. Bd3 g6 4. Nf3 Bg7 5. c3 O-O 6. h3 b6 7. Be3 c5 8. Nbd2
cxd4 9. cxd4 Ba6 10. Qe2 Bxd3 11. Qxd3 Nbd7 12. Rc1 Qb8 13. O-O Qb7 14. Rfe1
Rac8 15. d5 Nc5 16. Qb1 Nfd7 17. Nd4 Ne5 18. Rf1 a5 19. a3 a4 20. Rc3 e6 21. f4
Ned7 22. dxe6 fxe6 23. Rc4 Nf6 24. Nb5 Rfd8 25. Nc3 d5 26. Rb4 Nfxe4 27. Ndxe4
dxe4 28. Nxe4 Nd3 29. Rxa4 b5 30. Rb4 Nxb4 31. axb4 Qd5 32. Bc5 Qd3 33. Qe1
Bxb2 34. Ng5 Bd4+ 35. Kh1 Re8 36. Rf3 Qc4 37. Qe4 Qc1+ 38. Kh2 Bxc5 39. bxc5
Qxc5 40. h4 Qd5 41. Qe3 h6 42. Ne4 Rf8 43. Nf2 h5 44. Ne4 Rc7 45. Ng5 b4 46.
Qxe6+ Qxe6 47. Nxe6 Rc3 48. Kg3 Rxf3+ 49. Kxf3 b3 0-1

[Event "Lichtenberger Sommer"]
[Site "Berlin"]
[Date "2009.08.19"]
[Round "5.49"]
[White "Schmidt, Frank"]
[Black "Kiesewetter, Peter"]
[Result "1-0"]
[WhiteElo "1904"]
[BlackElo "1906"]
[PlyCount "41"]
[EventDate "2009.??.??"]
[WhiteTeam "SV Eutin von 1875"]
[BlackTeam "SC Schwarz-Weiß Lichtenrade e.V."]

1. d4 Nf6 2. c4 c5 3. Nf3 cxd4 4. Nxd4 Nc6 5. g3 e6 6. Bg2 d5 7. O-O e5 8. Nxc6
bxc6 9. Bg5 Be6 10. Nc3 e4 11. cxd5 cxd5 12. Qa4+ Bd7 13. Qd4 Bc6 14. Rfd1 Be7
15. Bxf6 Bxf6 16. Qc5 Qb6 17. Qxb6 axb6 18. Nxd5 Bxd5 19. Rxd5 Bxb2 20. Rb1
Rxa2 21. Rd2 1-0

[Event "Lichtenberger Sommer"]
[Site "Berlin"]
[Date "2009.08.19"]
[Round "5.50"]
[White "Herrmann, Eberhard"]
[Black "Inngauer, Wolfram"]
[Result "0-1"]
[WhiteElo "1827"]
[BlackElo "1898"]
[PlyCount "98"]
[EventDate "2009.??.??"]
[WhiteTeam "SC Friesen Lichtenberg e.V."]
[BlackTeam "CFC Hertha 06 e.V."]

1. e4 d6 2. Nf3 g6 3. d4 Bg7 4. c3 Nc6 5. Bc4 e6 6. Be3 Nge7 7. O-O O-O 8. Bb3
b6 9. Ng5 h6 10. Nf3 Ba6 11. Re1 Na5 12. Qc1 Kh7 13. Bc2 c5 14. Nbd2 Nac6 15.
Nf1 Rc8 16. Qd2 cxd4 17. cxd4 d5 18. Ng3 dxe4 19. Nxe4 Nd5 20. Rac1 Ncb4 21.
Bb1 Nc6 22. Nc3 Nce7 23. Nh4 Nxc3 24. bxc3 Nd5 25. Nf3 Qd6 26. Ne5 f5 27. g3
Rcd8 28. h4 Nf6 29. Bf4 Bb7 30. f3 Qe7 31. a4 Nd5 32. Ba2 Rf6 33. Kf2 Ba8 34.
c4 Nxf4 35. gxf4 Qd6 36. Rcd1 Rff8 37. Qc3 Bxe5 38. fxe5 Qe7 39. Rh1 Rd7 40.
Rc1 Rfd8 41. h5 g5 42. Rcd1 g4 43. d5 Qc5+ 44. Kf1 exd5 45. e6 d4 46. Qb3 Bxf3
47. exd7 Bxh1 48. Qb5 Bc6 49. Qb2 Rxd7 0-1

[Event "Lichtenberger Sommer"]
[Site "Berlin"]
[Date "2009.08.19"]
[Round "5.51"]
[White "Schneider, Hans-Joachim"]
[Black "Prix, Siegfried"]
[Result "1-0"]
[WhiteElo "2045"]
[BlackElo "1803"]
[PlyCount "109"]
[EventDate "2009.??.??"]
[WhiteTeam "Schachpinguine Berlin e.V."]
[BlackTeam "Sfrd. Berlin 1903 e.V."]

1. Nf3 d5 2. c4 c6 3. d4 Nf6 4. Nc3 dxc4 5. a4 Bf5 6. Ne5 e6 7. g3 Nbd7 8. Nxc4
Bb4 9. Bg2 O-O 10. O-O h6 11. Bf4 Nd5 12. Nxd5 cxd5 13. Qb3 Qe7 14. Ne3 Bg6 15.
Nc2 Bd6 16. Bxd6 Qxd6 17. Na3 Qb6 18. Qxb6 Nxb6 19. b3 a6 20. a5 Nd7 21. f3
Rac8 22. Rac1 Nf6 23. b4 Rfd8 24. Rfd1 Kf8 25. Kf2 Ke7 26. Ke1 Kd7 27. Rc5 Rc6
28. Rdc1 Rdc8 29. Kd2 Kd6 30. e3 Nd7 31. R5c3 f6 32. e4 Rxc3 33. Rxc3 Rxc3 34.
Kxc3 Kc6 35. Nc2 b5 36. Ne1 e5 37. Nd3 exd4+ 38. Kxd4 dxe4 39. fxe4 Kd6 40. Bh3
Ne5 41. Nc5 Nc6+ 42. Kc3 Nb8 43. Bc8 Kc7 44. Bxa6 Nxa6 45. Nxa6+ Kc6 46. Nc5
Bf7 47. Kd4 Kd6 48. Nd3 g6 49. Nf4 Kc6 50. Nd5 f5 51. Nc3 fxe4 52. Kxe4 Be6 53.
Ke5 Bf5 54. h4 h5 55. Nd5 1-0

[Event "Lichtenberger Sommer"]
[Site "Berlin"]
[Date "2009.08.19"]
[Round "5.52"]
[White "Voigt, Ingo"]
[Black "Schütt, Tobias"]
[Result "1-0"]
[WhiteElo "2046"]
[BlackElo "1697"]
[PlyCount "57"]
[EventDate "2009.??.??"]
[WhiteTeam "BSV 63 Chemie Weißensee"]
[BlackTeam "SC Friesen Lichtenberg e.V."]

1. Nf3 Nf6 2. g3 g6 3. Bg2 Bg7 4. d3 O-O 5. e4 d5 6. e5 Ne8 7. d4 Bg4 8. Nc3 c6
9. h3 Bxf3 10. Bxf3 e6 11. h4 f6 12. Qe2 fxe5 13. dxe5 d4 14. Ne4 Qa5+ 15. Bd2
Qxe5 16. Bg4 Kh8 17. Bb4 d3 18. cxd3 Rf7 19. Ng5 Qxe2+ 20. Kxe2 Rd7 21. Bxe6
Rc7 22. h5 gxh5 23. Rxh5 h6 24. Nf7+ Kh7 25. Bf5+ Kg8 26. Nxh6+ Bxh6 27. Rxh6
c5 28. Bc3 Re7+ 29. Be6+ 1-0

[Event "Lichtenberger Sommer"]
[Site "Berlin"]
[Date "2009.08.19"]
[Round "5.53"]
[White "Kujawa, Werner"]
[Black "Davydov, Ruven"]
[Result "0-1"]
[WhiteElo "1885"]
[BlackElo "1932"]
[PlyCount "110"]
[EventDate "2009.??.??"]
[WhiteTeam "SV Motor Wildau e.V."]
[BlackTeam "TuS Makkabi Berlin e.V."]

1. e4 e5 2. Nf3 Nc6 3. Bb5 a6 4. Ba4 Nf6 5. O-O b5 6. Bb3 Be7 7. Qe2 d6 8. c3
O-O 9. h3 Na5 10. Bc2 c5 11. d4 Qc7 12. Re1 Nc6 13. d5 Nb8 14. Nbd2 g6 15. Nf1
Nh5 16. Bh6 Re8 17. Qd2 Bf8 18. Bxf8 Rxf8 19. Qh6 f6 20. Ne3 Nd7 21. Nh2 Nb6
22. Nhg4 Qg7 23. Qxg7+ Kxg7 24. Nh2 Bd7 25. b3 Kh8 26. a4 Ng7 27. a5 Nc8 28. c4
Ne7 29. g4 b4 30. Bd3 f5 31. f3 fxg4 32. fxg4 Rf4 33. Ng2 Rf7 34. Rf1 Raf8 35.
Rxf7 Rxf7 36. Rf1 Rxf1+ 37. Kxf1 Ng8 38. Ne3 Nh6 39. Kg2 Nf7 40. Nf3 Nd8 41.
Kg3 Nb7 42. Kh4 Nxa5 43. Bc2 Ne8 44. Kg5 Kg7 45. Nd2 Nf6 46. Bd1 Nb7 47. Bc2
Nd8 48. Bd1 a5 49. Bc2 Nf7+ 50. Kh4 h6 51. Kg3 Ng5 52. Kh4 a4 53. bxa4 b3 54.
Bxb3 Ngxe4 55. Nxe4 Nxe4 0-1

[Event "Lichtenberger Sommer"]
[Site "Berlin"]
[Date "2009.08.19"]
[Round "5.54"]
[White "Bauder, Herbert"]
[Black "Bockelmann, Rolf"]
[Result "1/2-1/2"]
[WhiteElo "2027"]
[BlackElo "1824"]
[PlyCount "24"]
[EventDate "2009.??.??"]
[WhiteTeam "SG Lasker Steglitz-Wilmersdorf"]
[BlackTeam "SG Lasker Steglitz-Wilmersdorf"]

1. d4 Nf6 2. Nf3 e6 3. c4 c5 4. d5 d6 5. Nc3 e5 6. e4 Bd7 7. Be2 Be7 8. O-O O-O
9. a3 a5 10. b3 Qc8 11. Rb1 Na6 12. Bd2 b6 1/2-1/2

[Event "Lichtenberger Sommer"]
[Site "Berlin"]
[Date "2009.08.19"]
[Round "5.55"]
[White "Hesselbarth, Karlheinz"]
[Black "Grassi, Fabrizio"]
[Result "1/2-1/2"]
[WhiteElo "1864"]
[BlackElo "1952"]
[PlyCount "46"]
[EventDate "2009.??.??"]
[WhiteTeam "SC Zugzwang 95 e.V."]
[BlackTeam "SV Berlin-Friedrichstadt"]

1. d4 d5 2. c4 e6 3. Nc3 Nf6 4. Bg5 c5 5. cxd5 cxd4 6. Qxd4 Be7 7. e3 exd5 8.
Nf3 O-O 9. Be2 Nc6 10. Qd1 Be6 11. O-O Qb6 12. Na4 Qd8 13. Rc1 Ne4 14. Bxe7
Qxe7 15. Nd4 Rac8 16. f3 Nd6 17. Nxc6 bxc6 18. Rc3 Nb5 19. Rc5 Rfe8 20. Re1 Nd6
21. Ba6 Rc7 22. Qc1 Bd7 23. b3 Qg5 1/2-1/2

[Event "Lichtenberger Sommer"]
[Site "Berlin"]
[Date "2009.08.19"]
[Round "5.56"]
[White "Schweitzer, Paul"]
[Black "Muskewitz, Bernd"]
[Result "0-1"]
[WhiteElo "1661"]
[BlackElo "2004"]
[PlyCount "71"]
[EventDate "2009.??.??"]
[WhiteTeam "SV Königsjäger Süd-West e.V."]
[BlackTeam "TSG Oberschöneweide e.V."]

1. d4 d5 2. Nf3 c5 3. c3 Nc6 4. e3 e6 5. Nbd2 Nf6 6. Be2 b6 7. a3 a5 8. Ne5
Nxe5 9. dxe5 Nd7 10. f4 Be7 11. O-O O-O 12. Bg4 Ba6 13. Rf3 Bd3 14. Rh3 c4 15.
Nf3 Nc5 16. Nd4 Qc7 17. a4 Qd7 18. Bd2 f6 19. Be2 fxe5 20. Bxd3 Nxd3 21. Nf3
exf4 22. exf4 Bc5+ 23. Nd4 Nxf4 24. Bxf4 Rxf4 25. Qh5 g6 26. Rg3 Qg7 27. Qe2
Re4 28. Qc2 e5 29. Rf1 exd4 30. cxd4 Bxd4+ 31. Kh1 Rf8 32. Rgf3 Rxf3 33. gxf3
Qf6 34. b3 Re3 35. Qf2 Rxb3 36. f4 0-1

[Event "Lichtenberger Sommer"]
[Site "Berlin"]
[Date "2009.08.19"]
[Round "5.57"]
[White "Reiche, Henry"]
[Black "Krusemark, Gerhard"]
[Result "1-0"]
[WhiteElo "2012"]
[BlackElo "1858"]
[PlyCount "39"]
[EventDate "2009.??.??"]
[WhiteTeam "SV Berolina Mitte e.V."]
[BlackTeam "TSG Rot-Weiß Fredersdorf/Vogelsd"]

1. e4 e6 2. d4 d5 3. Nd2 a6 4. e5 c5 5. c3 Nc6 6. Ngf3 Qb6 7. Nb3 cxd4 8. cxd4
Bb4+ 9. Bd2 Nge7 10. Bd3 Bd7 11. O-O Bxd2 12. Qxd2 O-O-O 13. Rfc1 Kb8 14. Nc5
f6 15. Rc3 Bc8 16. Rb3 Qa5 17. Nxa6+ Ka7 18. Nb4 Kb8 19. Rc1 Bd7 20. Rxc6 1-0

[Event "Lichtenberger Sommer"]
[Site "Berlin"]
[Date "2009.08.19"]
[Round "5.58"]
[White "Bandsom, Olaf"]
[Black "Just, Detlef"]
[Result "1/2-1/2"]
[WhiteElo "1786"]
[BlackElo "1932"]
[PlyCount "164"]
[EventDate "2009.??.??"]
[WhiteTeam "SC Friesen Lichtenberg e.V."]
[BlackTeam "SC Zugzwang 95 e.V."]

1. e4 e6 2. d4 d5 3. exd5 exd5 4. Bd3 c5 5. Qe2+ Be6 6. dxc5 Bxc5 7. c3 Qf6 8.
Nf3 h6 9. Be3 Bxe3 10. Qxe3 Nc6 11. O-O Nge7 12. Re1 O-O 13. Nbd2 Rfe8 14. Nd4
Nxd4 15. Qxd4 Qxd4 16. cxd4 Nc6 17. Bb5 Rec8 18. Bxc6 Rxc6 19. Nb3 Rc2 20. Rab1
b6 21. Na1 Rc4 22. Rbd1 a5 23. Re3 Rac8 24. Red3 Bf5 25. R3d2 Re8 26. f3 Rec8
27. Kf2 h5 28. Re1 a4 29. b3 Rc1 30. bxa4 Rxe1 31. Kxe1 Rc4 32. a5 bxa5 33. Nb3
a4 34. Nc5 a3 35. Ke2 Rb4 36. Ke3 Rb2 37. Nd3 Rb8 38. Rc2 g5 39. Rc3 Re8+ 40.
Kd2 Ra8 41. Rb3 Kg7 42. Kc3 Ra4 43. Rb4 Ra7 44. Rb5 f6 45. Nc5 Kg6 46. Rb7 Ra8
47. Rb6 Re8 48. Kd2 Ra8 49. Ra6 Rb8 50. Nb3 Rc8 51. Nc5 Rb8 52. Nb3 Bb1 53.
Rxa3 Bxa2 54. Rxa2 Rxb3 55. Ke2 g4 56. fxg4 hxg4 57. Ra5 Rb2+ 58. Kf1 Kf5 59.
Rxd5+ Ke4 60. Rd6 f5 61. Re6+ Kxd4 62. Re2 Rb5 63. Kf2 f4 64. Ra2 Ke4 65. Ra4+
Kf5 66. Ra2 Rb4 67. Rc2 Ke4 68. Re2+ Kd3 69. Ra2 Rb3 70. Re2 Rc3 71. Ra2 Rc5
72. Ra3+ Ke4 73. Ra4+ Kf5 74. Ra2 Kg5 75. Rd2 Kh4 76. Ra2 Rc3 77. Rb2 f3 78.
gxf3 Rxf3+ 79. Kg2 Rd3 80. Ra2 Kg5 81. Ra4 Rd2+ 82. Kg3 Kh5 1/2-1/2

[Event "Lichtenberger Sommer"]
[Site "Berlin"]
[Date "2009.08.19"]
[Round "5.60"]
[White "Koischwitz, Wanja"]
[Black "Tong, Lukas Fabian Chuan"]
[Result "0-1"]
[WhiteElo "1720"]
[BlackElo "1869"]
[PlyCount "79"]
[EventDate "2009.??.??"]
[WhiteTeam "Queer-Springer SSV Berlin"]
[BlackTeam "SC Erlangen 48/88"]

1. d4 Nf6 2. Nf3 e6 3. e3 d5 4. Bd3 c5 5. c3 Nc6 6. O-O Bd6 7. Nbd2 O-O 8. dxc5
Bxc5 9. b4 Be7 10. b5 Nb8 11. Bb2 a6 12. a4 Nbd7 13. Nb3 Qc7 14. Qe2 Nc5 15.
Nxc5 Bxc5 16. c4 Be7 17. Rac1 Qa5 18. Ra1 Rd8 19. Rfc1 dxc4 20. Rxc4 Bd7 21.
Ne5 axb5 22. Rf4 Be8 23. Ng4 Nd5 24. Nh6+ gxh6 25. Rg4+ Bg5 26. Rxg5+ hxg5 27.
Qh5 f6 28. Qxh7+ Kf8 29. Qh8+ Ke7 30. Ba3+ b4 31. Qg7+ Kd6 32. Qf8+ Kc7 33.
Rc1+ Bc6 34. Qf7+ Rd7 35. Qxe6 bxa3 36. e4 Qd2 37. Rxc6+ bxc6 38. exd5 cxd5 39.
Bb5 Qc1+ 40. Bf1 0-1

[Event "Lichtenberger Sommer"]
[Site "Berlin"]
[Date "2009.08.19"]
[Round "5.61"]
[White "Schüler, Wolfgang"]
[Black "Boeck, Rüdiger"]
[Result "1-0"]
[WhiteElo "1998"]
[BlackElo "1655"]
[PlyCount "95"]
[EventDate "2009.??.??"]
[WhiteTeam "SC Friesen Lichtenberg e.V."]
[BlackTeam "SC Weisse Dame Ulm e.V."]

1. e4 e5 2. Nf3 Nc6 3. Bb5 a6 4. Ba4 Bc5 5. O-O b5 6. Bb3 d6 7. c3 Bg4 8. d3 h6
9. Nbd2 Nf6 10. h3 Bh5 11. Re1 O-O 12. Nf1 Na5 13. Bc2 b4 14. Ng3 Bxf3 15. Qxf3
bxc3 16. bxc3 Rb8 17. Nf5 Kh7 18. d4 Ba7 19. dxe5 dxe5 20. Qg3 Nh5 21. Qg4 g6
22. Bxh6 Rg8 23. Rad1 Qf6 24. Bg5 Qe6 25. Qh4 Rb2 26. Re2 Qxa2 27. Rd7 Qe6 28.
Re7 Qc4 29. Bd3 Rxe2 30. Bxc4 Bxf2+ 31. Qxf2 Rxf2 32. Bxf7 gxf5 33. Bxh5+ Rg7
34. Rxg7+ Kxg7 35. Kxf2 f4 36. Bd8 Nc4 37. Bxc7 Kf6 38. Be2 Nd2 39. Bd3 Nb3 40.
Bd8+ Kg6 41. Bb6 a5 42. Bc2 a4 43. Ke1 Kh5 44. Bxb3 axb3 45. Kd2 Kh4 46. Bf2+
Kg5 47. Kc1 f3 48. g3 1-0

[Event "Lichtenberger Sommer"]
[Site "Berlin"]
[Date "2009.08.19"]
[Round "5.62"]
[White "Gabriel, Liem Thanh"]
[Black "Große-Honebrink, Brigitte"]
[Result "1/2-1/2"]
[WhiteElo "1790"]
[BlackElo "1926"]
[PlyCount "48"]
[EventDate "2009.??.??"]
[WhiteTeam "Treptower SV 1949 e.V."]
[BlackTeam "SC Kreuzberg e.V."]

1. e4 d5 2. exd5 Qxd5 3. Nc3 Qa5 4. Nf3 Bg4 5. Be2 e6 6. a3 Nf6 7. d3 Nbd7 8.
Bd2 Qb6 9. b4 c6 10. O-O Be7 11. Be3 Qc7 12. h3 Bh5 13. Ng5 Bxe2 14. Qxe2 h6
15. Nge4 Nd5 16. Bd2 N7f6 17. Qf3 O-O-O 18. Nxd5 cxd5 19. Nc3 Qd7 20. Bf4 Bd6
21. Bxd6 Qxd6 22. Nb5 Qb6 23. c4 a6 24. Nc3 dxc4 1/2-1/2

[Event "Lichtenberger Sommer"]
[Site "Berlin"]
[Date "2009.08.19"]
[Round "5.63"]
[White "Batschari, Alexander"]
[Black "Kasper, Peter"]
[Result "1-0"]
[WhiteElo "1808"]
[BlackElo "1583"]
[PlyCount "65"]
[EventDate "2009.??.??"]
[WhiteTeam "SV Königsjäger Süd-West e.V."]
[BlackTeam "SG Eckturm"]

1. e4 c6 2. Nc3 d5 3. exd5 cxd5 4. d4 Bf5 5. Bb5+ Nc6 6. Nf3 a6 7. Ba4 b5 8.
Bb3 e6 9. O-O h6 10. Qe2 Be7 11. Be3 Nf6 12. Ne5 Qb6 13. Nxc6 Qxc6 14. Rfc1 Ng4
15. a4 b4 16. Nd1 Qd6 17. g3 h5 18. Bf4 Qb6 19. Be3 h4 20. a5 Qb7 21. Ba4+ Kf8
22. Bf4 g5 23. Ne3 Nxe3 24. Bxe3 hxg3 25. fxg3 Be4 26. c4 dxc4 27. Qxc4 Rd8 28.
Bc6 Bxc6 29. Qxc6 Qa7 30. Qc7 Qa8 31. Rc6 Bf6 32. Rf1 Be7 33. Bxg5 1-0

[Event "Lichtenberger Sommer"]
[Site "Berlin"]
[Date "2009.08.19"]
[Round "5.64"]
[White "Brüning, Wolfgang"]
[Black "Glöß, Henrik"]
[Result "1-0"]
[WhiteElo "1946"]
[BlackElo "1533"]
[PlyCount "77"]
[EventDate "2009.??.??"]
[WhiteTeam "Queer-Springer SSV Berlin"]
[BlackTeam "Sfr.Nord-Ost Berlin"]

1. d4 Nf6 2. c4 g6 3. Nc3 d5 4. cxd5 Nxd5 5. e4 Nxc3 6. bxc3 Bg7 7. Bc4 c5 8.
Ne2 Nc6 9. Be3 cxd4 10. cxd4 O-O 11. O-O Na5 12. Bd3 e6 13. Qd2 b6 14. Bh6 Bb7
15. Bxg7 Kxg7 16. Rac1 Rc8 17. Qb2 Qf6 18. f4 Kg8 19. f5 exf5 20. exf5 Qg5 21.
Nf4 Rxc1 22. Qxc1 Rc8 23. Qe3 Rf8 24. d5 Rd8 25. Qe5 gxf5 26. Rf3 Kf8 27. Rg3
Qh6 28. Re3 Kg8 29. Rg3+ Kf8 30. Qh8+ Ke7 31. Re3+ Kd7 32. Bxf5+ Kc7 33. Re7+
Kd6 34. Qxd8+ Kc5 35. Nd3+ Kb5 36. Qd7+ Kc4 37. Qa4+ Kc3 38. Qb4+ Kc2 39. Qb2+
1-0

[Event "Lichtenberger Sommer"]
[Site "Berlin"]
[Date "2009.08.19"]
[Round "5.65"]
[White "Nagel, Gerhard"]
[Black "Wendland, Frank"]
[Result "0-1"]
[WhiteElo "1950"]
[BlackElo "1756"]
[PlyCount "104"]
[EventDate "2009.??.??"]
[WhiteTeam "SC Einheit Bautzen"]
[BlackTeam "Treptower SV 1949 e.V."]

1. e4 e5 2. Nc3 Nf6 3. Bc4 Nxe4 4. Bxf7+ Kxf7 5. Nxe4 d5 6. Nc3 Nc6 7. Qf3+ Ke8
8. Qxd5 Qf6 9. Nb5 Bd6 10. Nxd6+ cxd6 11. c3 Rf8 12. Qf3 Qh4 13. Qg3 Qe4+ 14.
Ne2 Bf5 15. f3 Qd3 16. Qf2 Na5 17. b3 Rc8 18. O-O Qa6 19. Qe3 Nxb3 20. Bb2 Nxa1
21. Bxa1 Qb6 22. d4 Kd7 23. Qg5 g6 24. Kh1 Bd3 25. Qd2 Bxe2 26. Qxe2 exd4 27.
cxd4 Rfe8 28. Qd2 Qb5 29. Rg1 Re2 30. Qh6 Re7 31. h3 Rc2 32. Qf8 Qc6 33. Qf4
Rxa2 34. Rc1 Rc2 35. Rd1 Rce2 36. d5 Qc2 37. Qg4+ Kd8 38. Rg1 Re1 39. Bf6 Rxg1+
40. Kxg1 Qd1+ 41. Kh2 Qxd5 42. Qa4 a6 43. g4 g5 44. Kg3 h6 45. h4 gxh4+ 46.
Bxh4 Qe5+ 47. Kg2 Qe2+ 48. Kg3 Qb5 49. Qc2 Qe5+ 50. f4 Qe3+ 51. Kg2 Qxf4 52.
Qg6 Kd7 0-1

[Event "Lichtenberger Sommer"]
[Site "Berlin"]
[Date "2009.08.19"]
[Round "5.66"]
[White "Mohr, Horst"]
[Black "Scheide, Helmut"]
[Result "0-1"]
[WhiteElo "1824"]
[BlackElo "1971"]
[PlyCount "82"]
[EventDate "2009.??.??"]
[WhiteTeam "SC Caissa Falkensee e.V."]
[BlackTeam "USV Potsdam e.V., Abt. Schach"]

1. d4 Nf6 2. Nf3 b6 3. c4 e6 4. Nc3 Bb7 5. e3 Be7 6. Bd3 d5 7. cxd5 exd5 8. O-O
O-O 9. Re1 Ne4 10. Qc2 f5 11. Ne5 Nd7 12. f4 c5 13. Bxe4 fxe4 14. Nxd7 Qxd7 15.
Ne2 Rac8 16. Qd1 Rf6 17. Ng3 cxd4 18. Qxd4 Bd6 19. b3 Re8 20. Bb2 Bc5 21. Qd2
Rh6 22. b4 Bd6 23. Qd4 Rf8 24. Rad1 Qe7 25. a3 Rf7 26. h3 Rg6 27. Kh2 Qh4 28.
Nh1 Bc8 29. Re2 Bg4 30. Qxd5 Bxe2 31. Qa8+ Rf8 32. Qd5+ Kh8 33. g3 Qe7 34. Rc1
Rd8 35. Qd2 Ba6 36. Qc3 Qf8 37. Nf2 Rc8 38. Qd4 Rxc1 39. Bxc1 Qc8 40. Qxe4 Bb7
41. Qb1 Qc6 0-1

[Event "Lichtenberger Sommer"]
[Site "Berlin"]
[Date "2009.08.19"]
[Round "5.67"]
[White "Sotter-Klundt, Gerlinde"]
[Black "Forster, Manfred"]
[Result "0-1"]
[WhiteElo "1839"]
[BlackElo "1636"]
[PlyCount "116"]
[EventDate "2009.??.??"]
[WhiteTeam "SC S.-W. Schweinheim"]
[BlackTeam "SK Singen"]

1. d4 Nf6 2. Nf3 g6 3. c4 Bg7 4. Nc3 c6 5. e4 h6 6. Be2 Qc7 7. e5 Nh7 8. Bf4
O-O 9. Qd2 g5 10. Bg3 d6 11. O-O f5 12. exf6 Nxf6 13. h3 Bf5 14. Bd3 Bxd3 15.
Qxd3 Nbd7 16. Qe2 Rf7 17. Rac1 Raf8 18. Nd2 Qa5 19. a3 h5 20. Nde4 Qf5 21. f3
Nxe4 22. Qxe4 Qxe4 23. Nxe4 Bxd4+ 24. Bf2 Bxb2 25. Rb1 Bxa3 26. Rxb7 Nb6 27.
Bxb6 axb6 28. Rxb6 d5 29. cxd5 cxd5 30. Rb3 dxe4 31. Rxa3 exf3 32. Rfxf3 Rxf3
33. gxf3 Kg7 34. Kg2 Rf6 35. Re3 Kf7 36. Re5 Rg6 37. Rf5+ Ke6 38. Ra5 Kf6 39.
Kf2 e5 40. Ke3 Kf5 41. Ra4 Rd6 42. Ra8 Rg6 43. Ra4 Rb6 44. Rc4 Rb2 45. Rc8 Rh2
46. Rf8+ Ke6 47. Rg8 Kf6 48. Rf8+ Kg7 49. Rf5 Rxh3 50. Rxe5 g4 51. Rf5 Kg6 52.
Rf8 g3 53. Rg8+ Kf5 54. Rf8+ Kg5 55. Rg8+ Kh4 56. f4 Rh1 57. Ke2 Kh3 58. f5 g2
0-1

[Event "Lichtenberger Sommer"]
[Site "Berlin"]
[Date "2009.08.19"]
[Round "5.68"]
[White "Krawatzki, Armin"]
[Black "Bergmann, Jens"]
[Result "0-1"]
[WhiteElo "1874"]
[BlackElo "1824"]
[PlyCount "58"]
[EventDate "2009.??.??"]
[WhiteTeam "SVG Läufer Reinickendorf e.V."]
[BlackTeam "SK Tempelhof 1931 e.V."]

1. Nf3 Nf6 2. d4 d5 3. Bf4 Bf5 4. e3 e6 5. Bd3 Bg4 6. Nbd2 Bd6 7. Bg3 O-O 8. c3
Nbd7 9. Qc2 Qe7 10. Ne5 Bh5 11. O-O h6 12. b4 a5 13. a3 Ra7 14. f4 axb4 15.
axb4 Rfa8 16. Rxa7 Rxa7 17. h3 Ne8 18. Bh2 f5 19. Bxf5 exf5 20. Qxf5 Bxe5 21.
fxe5 Be2 22. Re1 Bb5 23. Bf4 Ra2 24. Nf3 Qf7 25. Qg4 h5 26. Qg5 Nf8 27. Qd8 Bc4
28. Ng5 Qg6 29. Qc8 Qc2 0-1